00455nam a2200157Ia 450000500170000000800410001708200130005824500100007126000460008130000130012765000120014070000250015294200060017795200990018399900150028220250319054730.0240331s9999 xx 000 0 und d bNIKa894 0aNikal aKoyambathoorbUaravu AchagamcPalanisaami a104 p ., aCulture aPalanisamy, K. eedt cL 001040708LaWERCLbWERCLcSSCd2024-03-31l0o 894.811 NIKp1654r2024-03-31w2024-03-31yL c4089d4089